000 00251nam a2200097Ia 4500
001 1300166
005 20260420095859.0
008 260420s9999 xx 000 0 und d
245 0 _aKÜÇÜK GAZETECİ
_cÖZLEM AYTEK
260 _bTİMAŞ ÇOCUK YAYINLARI
999 _c1300166
_d1300166